Statistics for NBA Roster quiz 2019-2020

Click here to take the quiz!

General Stats

  • This quiz has been taken 3,392 times
    (2,403 since last reset)
  • The average score is 207 of 450

Answer Stats

TeamPositionPlayer% Correct
Dallas MavericksSGLuka Doncic
94%
Golden State WarriorsPGStephen Curry
93%
PGSeth Curry
93%
SFLeBron James
89%
SFJeff Green
88%
PFDraymond Green
88%
SGDanny Green
88%
SGJavonte Green
88%
PFJaMychal Green
88%
SGKlay Thompson
87%
Houston RocketsSGJames Harden
87%
PFKristaps Porzingis
87%
PFAnthony Davis
86%
CNikola Jokic
86%
CEd Davis
85%
SFJaylen Brown
85%
SFKawhi Leonard
85%
PGRussell Westbrook
85%
SGJayson Tatum
85%
PGKemba Walker
85%
CTristan Thompson
85%
SGTerence Davis II
85%
SGLou Williams
84%
CRobert Williams
84%
PFGrant Williams
84%
New Orleans PelicansSGKenrich Williams
84%
PGKyrie Irving
84%
SGJustin James
84%
SFKevin Durant
84%
PFMarvin Williams
84%
PGMichael Carter-Williams
84%
Denver NuggetsPGJamal Murray
84%
SGNickeil Alexander-Walker
83%
SGSterling Brown
83%
SGLonnie Walker IV
83%
SFPaul George
83%
Detroit PistonsSGBruce Brown
83%
SFTroy Brown Jr.
83%
SFJoe Harris
82%
Milwaukee BucksPFGiannis Antetokounmpo
82%
PGDejounte Murray
82%
SGGary Harris
82%
PGBen Simmons
82%
SFTobias Harris
82%
PGKobi Simmons
81%
PGChris Paul
81%
PFMeyers Leonard
81%
CJoel Embiid
80%
CKarl-Anthony Towns
79%
PGDamian Lillard
79%
SGDevin Booker
79%
SFDorian Finney-Smith
78%
Memphis GrizzliesPGJa Morant
78%
SGEric Gordon
77%
PGTrae Young
77%
PGD'Angelo Russell
77%
PGKyle Lowry
77%
SFZion Williamson
77%
CRudy Gobert
76%
SFJustin Jackson
76%
SGJosh Jackson
76%
PGReggie Jackson
76%
PGFrank Jackson
76%
PGLonzo Ball
76%
PFJaren Jackson Jr.
76%
SGZach LaVine
76%
PFAaron Gordon
76%
PGDe'Aaron Fox
75%
CDwight Howard
75%
SG Donovan Mitchell
75%
SFJimmy Butler
75%
PFThaddeus Young
75%
PGDerrick White
74%
SGBradley Beal
74%
PGCoby White
74%
PGDennis Smith Jr.
74%
CSteven Adams
74%
PFPascal Siakam
74%
Brooklyn NetsCJarrett Allen
74%
SFP.J. Tucker
74%
SGRayjon Tucker
74%
SGDeMar DeRozan
74%
SGGrayson Allen
73%
PGJohn Wall
73%
PFBlake Griffin
73%
PGKadeem Allen
73%
PFKevin Love
73%
CMitchell Robinson
73%
SGZhaire Smith
73%
SFGlenn Robinson III
73%
SFDuncan Robinson
73%
PGIsh Smith
73%
SGJerome Robinson
73%
CJaVale McGee
73%
SGC.J. McCollum
72%
CDeAndre Jordan
72%
PGRajon Rondo
72%
CMarc Gasol
72%
CAndre Drummond
71%
SFAndrew Wiggins
71%
PFMarcus Morris Sr.
70%
PGMonte Morris
70%
SFKhris Middleton
70%
SGVictor Oladipo
70%
PGMarcus Smart
69%
CBrook Lopez
69%
CRobin Lopez
69%
SFBrandon Ingram
69%
San Antonio SpursPFLaMarcus Aldridge
69%
PGPatrick Beverley
69%
PGCollin Sexton
69%
PFMarkieff Morris
69%
PFMontrezl Harrell
69%
PGShai Gilgeous-Alexander
69%
SFOtto Porter Jr.
68%
SGKevin Porter Jr.
68%
PFMichael Porter Jr.
68%
CClint Capela
68%
SFGordon Hayward
68%
CDeandre Ayton
68%
PFDwight Powell
67%
PGPatty Mills
66%
SFVince Carter
66%
CEnes Kanter
66%
PGRicky Rubio
66%
Miami HeatCBam Adebayo
66%
PFWendell Carter Jr.
66%
PGEric Bledsoe
66%
SFNorman Powell
66%
SGCaris LeVert
65%
SGBogdan Bogdanovic
65%
PGDerrick Rose
65%
PFZach Collins
65%
Utah JazzSFBojan Bogdanovic
65%
PFJohn Collins
65%
SGBuddy Hield
65%
SGTim Hardaway Jr.
65%
PGJevon Carter
65%
PFKyle Kuzma
64%
PFDomantas Sabonis
64%
SGJustin Holiday
64%
SFCarmelo Anthony
64%
PGJrue Holiday
64%
SGTyler Herro
64%
CAl Horford
64%
PFPaul Millsap
64%
PGFred VanVleet
63%
PFSerge Ibaka
63%
CIvica Zubac
63%
CNikola Vucevic
63%
SGSpencer Dinwiddie
63%
CJusuf Nurkic
63%
CJonas Valanciunas
63%
CMyles Turner
63%
PGAaron Holiday
62%
SGEvan Turner
62%
PFLauri Markkanen
62%
SGAlex Caruso
62%
PFDaniel Theis
61%
New York KnicksSFR.J. Barrett
61%
PGChasson Randle
60%
CHassan Whiteside
60%
PFJulius Randle
60%
PGTerry Rozier
60%
SFRobert Covington
60%
PGMike Conley
60%
SGAvery Bradley
59%
SFDanilo Gallinari
58%
CBoban Marjanovic
58%
CTony Bradley
58%
PFKostas Antetokounmpo
57%
SFCameron Johnson
57%
SFAlize Johnson
57%
SGKentavious Caldwell-Pope
57%
SFStanley Johnson
57%
Philadelphia 76ersSGJosh Richardson
57%
SFThanasis Antetokounmpo
57%
SFJames Johnson
57%
SFKeldon Johnson
57%
PGDevonte' Graham
56%
SGJ.J. Redick
56%
SFTreveon Graham
55%
PGDarius Garland
55%
PGGoran Dragic
55%
PFGary Clark
53%
SFKelly Oubre Jr.
53%
PGMalcolm Brogdon
53%
PGDennis Schroder
52%
SFJoe Ingles
52%
SGWill Barton
51%
Sacramento KingsPFMarvin Bagley III
51%
SFDerrick Jones Jr.
51%
CCody Zeller
51%
SGKhyri Thomas
50%
SGJosh Hart
50%
CMason Plumlee
50%
SGKendrick Nunn
50%
Indiana PacersSFT.J. Warren
50%
PGTyus Jones
50%
SGMatt Thomas
50%
CDamian Jones
50%
PFEric Paschall
50%
PGGeorge Hill
49%
CTyson Chandler
49%
PFJerami Grant
49%
SFWilson Chandler
49%
SFSolomon Hill
49%
PGJ.J. Barea
49%
SGEvan Fournier
49%
Toronto RaptorsSFO.G. Anunoby
49%
PGLandry Shamet
48%
CWillie Cauley-Stein
48%
SFAndre Iguodala
48%
SFHarrison Barnes
48%
PGMarkelle Fultz
47%
CBol Bol
47%
PFDerrick Favors
47%
PFMaximilian Kleber
47%
SFDillon Brooks
47%
PFDanuel House Jr.
46%
PGAustin Rivers
46%
SGDamion Lee
45%
SGCourtney Lee
45%
CAron Baynes
45%
SFDe'Andre Hunter
44%
SFJae Crowder
44%
SGKevin Huerter
44%
PGKris Dunn
44%
SFCedi Osman
44%
CThomas Bryant
44%
SGWesley Matthews
43%
PGJalen Brunson
43%
PGJeff Teague
43%
PGGary Payton II
42%
SFTrevor Ariza
42%
SFMikal Bridges
42%
PFDario Saric
42%
PGElfrid Payton
42%
Los Angeles LakersPGQuinn Cook
42%
CJaxson Hayes
42%
SFMiles Bridges
42%
PFBrandon Clarke
41%
PFKevin Knox II
41%
PFTaj Gibson
40%
PFKevon Looney
40%
CMo Bamba
40%
PGJordan Clarkson
40%
PGBrad Wanamaker
39%
SGKyle Korver
39%
Orlando MagicPGD.J. Augustin
39%
SGMalik Beasley
39%
SFCam Reddish
39%
Washington WizardsSFDavis Bertans
38%
SGAndre Roberson
38%
CAlex Len
38%
PFRui Hachimura
38%
PFKelly Olynyk
38%
SFRudy Gay
37%
PFMarquese Chriss
37%
PFJonathan Isaac
37%
SGDion Waiters
37%
SGLuke Kennard
37%
SFJuan Toscano-Anderson
37%
PFChristian Wood
36%
SGTomas Satoransky
36%
CJakob Poeltl
36%
PGCarsen Edwards
36%
SFTaurean Prince
36%
SFJared Dudley
36%
SFNicolas Batum
35%
PGFrank Ntilikina
35%
PFJuancho Hernangomez
35%
SGJordan Poole
35%
CWilly Hernangomez
35%
SFKyle Anderson
35%
SGRodney Hood
35%
SFJustise Winslow
34%
PFP.J. Washington Jr.
34%
PGDelon Wright
34%
SGMalik Monk
34%
SGDonte DiVincenzo
34%
CNerlens Noel
34%
CGorgui Dieng
33%
SGLuguentz Dort
33%
PFBobby Portis
33%
SGTerrence Ross
33%
SGAlec Burks
32%
SGMatisse Thybulle
32%
SFRondae Hollis-Jefferson
32%
CDewayne Dedmon
32%
CJoakim Noah
31%
SGTerrance Ferguson
31%
PFJabari Parker
31%
SGJarrett Culver
31%
SGBen McLemore
30%
PFLarry Nance Jr.
30%
SGJeremy Lamb
30%
SGJosh Okogie
30%
SGGary Trent Jr.
30%
CBismack Biyombo
30%
SGFurkan Korkmaz
30%
SGShake Milton
30%
PFErsan Ilyasova
29%
SFTorrey Craig
28%
Boston CelticsSGRomeo Langford
28%
SFMaurice Harkless
28%
PFChris Boucher
28%
CRichaun Holmes
28%
PFCheick Diallo
27%
CThon Maker
27%
PGBryn Forbes
27%
PGT.J. McConnell
27%
SGHamidou Diallo
27%
PGMatthew Dellavedova
27%
PGKy Bowman
27%
PGRaul Neto
27%
PFPatrick Patterson
27%
SFNemanja Bjelica
26%
SFDeMarre Carroll
26%
SGAnfernee Simons
26%
SFSemi Ojeleye
25%
SGPat Connaughton
24%
SFCody Martin
24%
SFCaleb Martin
24%
SFRodions Kurucs
24%
SFKelan Martin
24%
PFD.J. Wilson
24%
SFRoyce O'Neale
24%
PGBrandon Knight
23%
SGTony Snell
23%
PFUdonis Haslem
23%
SGMarco Belinelli
23%
PFJahlil Okafor
23%
PGPatrick McCaw
23%
PFHarry Giles III
23%
PFAl-Farouq Aminu
23%
PFFrank Kaminsky III
23%
SFMike Scott
23%
PFNicolo Melli
23%
SFMichael Kidd-Gilchrist
23%
PGDante Exum
22%
PGEmmanuel Mudiay
22%
SFMalcolm Miller
22%
SGDenzel Valentine
22%
SFDoug McDermott
22%
PFT.J. Leaf
22%
SFDarius Miller
22%
PFTrey Lyles
22%
SGReggie Bullock
22%
SGGarrett Temple
22%
PFDean Wade
22%
CAnte Zizic
22%
SGKent Bazemore
22%
SGE'Twaun Moore
22%
SFMoritz Wagner
21%
SFIsaac Bonga
21%
PGChris Clemons
21%
SFSekou Doumbouya
21%
PFCristiano Felicio
21%
SGJacob Evans III
20%
PFIsaiah Hartenstein
20%
SGDe'Anthony Melton
20%
PFKyle O'Quinn
20%
SGTroy Daniels
20%
PFDragan Bender
20%
PFJohn Henson
20%
SGDeAndre' Bembry
19%
SGDzanan Musa
19%
SGTerance Mann
19%
SGAllonzo Trier
19%
SFDarius Bazley
19%
PGCory Joseph
19%
PFOmari Spellman
19%
PFMike Muscala
19%
PGShabazz Napier
18%
SFMario Hezonja
18%
PGShaquille Harrison
18%
SGWayne Ellington
18%
PFDaniel Gafford
18%
SGDamyean Dotson
17%
SFNassir Little
17%
SFAlen Smailagic
17%
Chicago BullsPGRyan Arcidiacono
17%
SFKeita Bates-Diop
16%
PGYogi Ferrell
16%
CNaz Reid
16%
PFJames Ennis III
16%
CIan Mahinmi
16%
SGLangston Galloway
16%
SFThabo Sefolosha
16%
Charlotte HornetsSGDwayne Bacon
16%
CVincent Poirier
16%
Los Angeles ClippersSGRodney McGruder
16%
CGoga Bitadze
16%
SGElie Okobo
15%
SFBruno Caboclo
15%
PFAnthony Tolliver
15%
SFGeorges Niang
15%
PFNoah Vonleh
15%
CKhem Birch
14%
SFJake Layman
14%
SGMelvin Frazier Jr.
14%
PGTy Jerome
14%
PFLuke Kornet
14%
Atlanta HawksPFBruno Fernando
14%
SFWesley Iwundu
13%
SGTimothe Luwawu-Cabarrot
13%
SFAbdel Nader
13%
PGChris Chiozza
13%
PFChris Silva
13%
SGKyle Guy
13%
PFNorvel Pelle
13%
CCaleb Swanigan
13%
PFWenyen Gabriel
13%
SGJordan McRae
13%
PFMfiondu Kabengele
13%
PFLuka Samanic
12%
PFSkal Labissiere
11%
SGTheo Pinson
11%
SFK.Z. Okpala
11%
SFChandler Hutchison
11%
Minnesota TimberwolvesPGJordan McLaughlin
11%
PGJalen Lecque
11%
PFJarred Vanderbilt
11%
SGDylan Windler
11%
SGSviatoslav Mykhailiuk
10%
SFDeonte Burton
10%
SFVlatko Cancar
10%
SGMychal Mulder
10%
SGGarrison Mathews
10%
SGYuta Watanabe
10%
SFAlfonzo McKinnie
10%
PGBrandon Goodwin
9%
PFDrew Eubanks
9%
SFOshae Brissett
9%
SFJaKarr Sampson
8%
PFJalen McDaniels
8%
PFChimezie Metu
8%
SGAdmiral Schofield
8%
Oklahoma City ThunderSFIsaiah Roby
8%
PGEdmond Sumner
8%
SGMiye Oni
8%
Phoenix SunsPFTariq Owens
7%
Portland Trail BlazersSFJaylen Hoard
7%
Cleveland CavaliersSGMatt Mooney
7%
PGNigel Williams-Goss
7%
SFJuwan Morgan
6%
SGJohn Konchar
6%
PFRay Spalding
5%
PGDerrick Walton Jr.
5%

Score Distribution

Percentile by Number Answered

Percent of People with Each Score

Your Score History

You have not taken this quiz since the last reset